000 00533nam a2200181Ia 4500
005 20260120124529.0
008 008 260114s9999 xx 000 0 eng d
020 _a9781785603877
037 _aEBOOK
040 _aCRL
_beng
_cCRL
041 _aeng
_2eng
084 _qCRL
245 0 _aMeasurement of Poverty, Deprivation, and Economic Mobility
260 _bEmerald Publishing
_c2015
856 _uhttps://www.emerald.com/insight/publication/doi/10.1108/S1049-2585201523
942 _cEBOOK
999 _c1499284
_d1499284